00657 2200229 4500001002100000005001500021035002000036007000300056008004100059020001800100082001000118084001600128100001700144245012100161260004200282300003100324650001200355700001600367700002000383990001200403990001200415INLIS00000000000264520181226114553 a0010-1218000204ta181226 g 1 ind  a9786024553982 a398.2 a398.2 LES d0 aLESLEY, Sims1 aDongeng Pertamaku: Tiga Permintaan (Level 1) /cLesley Sims; pengalih bahasa, Andi Wahyu; penyunting, Damar Sasongko aJakarta :bBhuana Ilmu Populer,c2018 a32 hlm. :bilus. ;c20 cm. aDONGENG0 aANDI, Wahyu0 aDAMAR, Sasongko a16923 a a16923 b